00442nmm a2200145Ia 4500008004100000020001800041041000800059100002200067245003200089264005600121300001800177490002800195650002200223856005100245251105s9999||||xx |||||||||||||||||und|| a9788474855463 aspa aChurruca, Juan de 0aCristianismo y mundo romano a[Madrid, España] :bUniversidad de Deusto, c1998 a635 páginas aVerde - Serie Homenajes aHistory (General) uhttps://public.digitaliapublishing.com/a/17598